| 000 | 00545nam a2200205Ia 4500 | ||
|---|---|---|---|
| 008 | 230125s9999 xx 000 0 und d | ||
| 020 | _a81-7314-029-4 | ||
| 041 | _aeng | ||
| 082 |
_a640.43 _bFLE |
||
| 100 |
_aFleming L _9113638 |
||
| 245 | _aTime-management pocket book | ||
| 260 |
_c1997 _bResearch press _aMadras |
||
| 300 | _a125p | ||
| 440 | _aPocketbook | ||
| 500 | _aTime management | ||
| 500 | _aTime Management;Series Book;Pocket Book Series Book | ||
| 650 | _aManagement | ||
| 700 |
_aFleming L _9113638 |
||
| 999 |
_c90881 _d90881 |
||